000 00817nam a2200253Ia 4500
003 OSt
005 20220918171729.0
006 a|||||r|||| 00| 0
007 ta
008 220917b |||||||| |||| 00| 0 eng d
020 _a9788171397938 (hbk)
_cINR 1600.00
024 _a318,519
037 _b292, 08/03/2017, Eastern Book Linkers
_cTextual
040 _aARTS
_cARTS
_beng
041 _2eng
_aeng
082 _aQ1:24, Q7
100 _aThakur Damodar Au.
_938520
245 0 _aGrandeur of the upanishads
_b new interpretation of the vedantis World view
260 _aNew Delhi
_bJnanada Prakashan India
_c2017
300 _axvii,261p.
_ccm.
650 _aUPANISHAD
_925750
942 _hQ1:24, Q7
_cTEXL
_2CC
999 _c141120
_d141120